header

Federal Land Transaction Facilitation Act (Record no. 60421)

MARC details
000 -LEADER
fixed length control field 01507nam a2200349 a 4500
082 04 - DEWEY DECIMAL CLASSIFICATION NUMBER
Classification number 343.73/0252
245 10 - TITLE STATEMENT
Title Federal Land Transaction Facilitation Act
260 ## - PUBLICATION, DISTRIBUTION, ETC. (IMPRINT)
Place of publication Hauppauge, N.Y. :
Name of publisher Novinka Books,
Year of publication 2008.
300 ## - PHYSICAL DESCRIPTION
Number of Pages x, 93 p. :
Other physical details ill. (some col.), maps (some col.)
650 #0 - SUBJECT ADDED ENTRY--TOPICAL TERM
Topical Term Public lands
Topical Term Public lands
Topical Term Government purchasing of real property
856 40 - ELECTRONIC LOCATION AND ACCESS
Uniform Resource Identifier http://site.ebrary.com/lib/rucke/Doc?id=10681226

No items available.

© 2026 Rongo University
Contact us: librarian | system librarian | Rongo university